00734nam a2200181Ia 450000500170000000800410001702000180005808200170007610000180009324500290011126000270014030000140016750002210018165000120040294200120041499900190042695201070044520250728154339.0250728s9999 xx 000 0 und d a9780007120222 a949.565bMAZ aMazower, Mark 0aSalonica, City of Ghosts bHarperCollins UKc2005 a533 pages aFrom the author of the greatly praised "Dark Continent" comes a richly textured social history of the Aegean seaport that has been a crossroads of civilization since the dawn of Byzantium. of photos, 8 in full color. aHistory cENGLISH c577641d577641 00104070aACLbACLc7Bd2025-07-28l0o949.565 MAZp486147r2025-07-28 15:43:39w2025-07-28yENGLISH